| 000 | 00331nam a2200109Ia 4500 | ||
|---|---|---|---|
| 008 | 200302s9999 xx 000 0 und d | ||
| 100 | _aBaerbel Mueller | ||
| 245 | _a(Applied) foreign affairs Investigating spatial phenomena in rural and urban sub- Saharan Africa | ||
| 260 | _bBirkhauser Verlag Gmbh | ||
| 260 | _c2017 | ||
| 300 | _a449 | ||
| 999 |
_c6187 _d6187 |
||